000 00912cab a2200289 4500
001 ABS59665
008 090401t1998 xxu||||| |||| 00| 0 eng d
035 _a(Sirsi) u89582
041 _aeng
100 _aWalker, M.
245 _aTitan tussle
260 _c1998
350 _a0
490 _aHouse Builder
_v57(10) November 1998, 25(1)
520 _aDiscusses case law relating to situations where planning permission required a Section 278 Agreement to be signed.
650 _aHIGHWAY AUTHORITIES
650 _aPLANNING AUTHORITIES
650 _aPLANNING PERMISSION
650 _aR V CARDIFF CITY COUNCIL EX P SEARS GROUP PROPERTIES LTD
650 _aR V NEWBURY DC EX P BLACKWELL
650 _aR V WARWICKSHIRE CC EX P POWERGEN PLC
650 _aS278 AGREEMENTS
650 _aTRAFFIC CONDITIONS
690 _aHIGHWAYS RIGHTS OF WAY AND EASEMENTS
942 _n0
948 _c10/11/1998
999 _c56691
_d56691